Ústavní právo a obecná část správního práva : pro praktickou potřebu /

Hlavní autor: Erhart, Josef
Jazyk: Čeština
Vydáno: Praha : J. Erhart, 1931
Fyzický popis: 171 - [I] s. ; 8°
Knihy
Uloženo v:
LEADER 00727nam a22002292a 4500
001 000105277
003 CZ BrMZK
005 20080618155220.0
007 ta
008 010907s1931 xr f cze d
015 |a cnb000936027 
020 |q (Váz.) 
035 |a (OCoLC)85512242 
040 |a ABA001  |b cze  |c KLG001  |d ABA001 
100 1 |a Erhart, Josef  |7 jk01030555  |4 aut 
245 1 0 |a Ústavní právo a obecná část správního práva :  |b pro praktickou potřebu /  |c zpracoval Josef Erhart 
260 |a Praha :  |b J. Erhart,  |c 1931 
300 |a 171 - [I] s. ;  |c 8° 
910 |a BOA001  |b 1-0803.579 
990 |a BK 
991 |b 200806 
996 6 |b 2619998325  |c 1-0803.579  |l MZK  |r Sklad / do 1 hodiny  |n 5  |w 000105277  |u 000010  |a 1  |e BOA001  |j MZK50  |s P